[Event "Moscow Petrosian Memorial op"]
[Site "Moscow"]
[Date "2015.01.12"]
[Round "9"]
[White "Myagkov, Mikhail"]
[Black "Gavrilov, Victor1"]
[Result "0-1"]
[WhiteElo "1640"]
[BlackElo "1642"]
[PlyCount "134"]
[EventDate "2015.01.04"]
[EventType "swiss"]
[EventRounds "9"]
[EventCountry "RUS"]
[SourceTitle "CBM 164 Extra"]
[Source "ChessBase"]
[SourceDate "2015.03.02"]
[SourceVersion "1"]
[SourceVersionDate "2015.03.02"]
[SourceQuality "1"]

1. e4 d6 2. Nc3 Nf6 3. f4 c6 4. Nf3 Qa5 5. d3 e5 6. fxe5 dxe5 7. Bd2 Bg4 8. Nd5 Qd8 9. Nxf6+ Qxf6 10. Bc3 Nd7 11. Be2 Bxf3 12. Bxf3 Bc5 13. Qe2 b5 14. Bh5 g6 15. Bg4 Nb6 16. b4 Na4 17. bxc5 Nxc3 18. Qf2 Qxf2+ 19. Kxf2 Na4 20. Ke3 h5 21. Bh3 Ke7 22. Rac1 Nxc5 23. c3 Ne6 24. g3 c5 25. Rb1 Rhb8 26. Rb3 Rb6 27. Rhb1 Rab8 28. Bf1 Kd7 29. Be2 b4 30. cxb4 cxb4 31. Bd1 Nd4 32. R3b2 a5 33. Rf2 Ke7 34. Bb3 Nxb3 35. axb3 Rc6 36. Ra2 Ra8 37. Rba1 Rc3 38. Rxa5 Rxa5 39. Rxa5 Kf6 40. Ra6+ Kg7 41. Ra5 f6 42. Ra7+ Kh6 43. h4 Rxb3 44. Rf7 Rb1 45. Rxf6 b3 46. Rb6 b2 47. Kd2 Rg1 48. Rxb2 Rg2+ 49. Kc3 Rxg3 50. Rb5 Rg4 51. Rxe5 Rxh4 52. d4 g5 53. d5 Rf4 54. d6 Rf8 55. d7 Rd8 56. Re7 h4 57. Kd3 h3 58. Re6+ Kh5 59. Re7 Kg4 60. Ke3 h2 61. Rh7 Kg3 62. Rh5 Rxd7 63. Rxg5+ Kh4 64. Rg8 Rh7 65. Kf4 h1Q 66. Rg4+ Kh3 67. Rg3+ Kh2 0-1

[Event "Moscow Petrosian Memorial op"]
[Site "Moscow"]
[Date "2015.01.07"]
[Round "4"]
[White "Granovskaya, Ekaterina"]
[Black "Myagkov, Mikhail"]
[Result "0-1"]
[WhiteElo "1680"]
[BlackElo "1640"]
[PlyCount "100"]
[EventDate "2015.01.04"]
[EventType "swiss"]
[EventRounds "9"]
[EventCountry "RUS"]
[SourceTitle "CBM 164 Extra"]
[Source "ChessBase"]
[SourceDate "2015.03.02"]
[SourceVersion "1"]
[SourceVersionDate "2015.03.02"]
[SourceQuality "1"]

1. e4 c5 2. Nf3 g6 3. d4 cxd4 4. Nxd4 Bg7 5. c4 Nc6 6. Be3 Nf6 7. Nc3 Qa5 8. f3 0-0 9. Be2 Qb6 10. Na4 Qb4+ 11. Bd2 Qd6 12. Nb5 Qb8 13. 0-0 a6 14. Nbc3 Qa7+ 15. c5 d6 16. Nb6 Rb8 17. Be3 Nd7 18. Nxd7 Bxd7 19. Na4 Rbd8 20. Bf2 Qb8 21. Bg3 Nd4 22. Nb6 Nxe2+ 23. Qxe2 Bb5 24. Nc4 Qa7 25. Rac1 Bd4+ 26. Kh1 Bxc5 27. Rfd1 Bd4 28. Qd2 Bxc4 29. Rxc4 Bg7 30. Rc7 Qb6 31. Rdc1 Bxb2 32. R1c2 Bf6 33. h3 Rb8 34. Bf2 Qb1+ 35. Rc1 Qb5 36. Be3 Rfd8 37. Bd4 Bxd4 38. Qxd4 Qe8 39. f4 Rd7 40. R7c3 Rdd8 41. f5 Rdc8 42. fxg6 hxg6 43. e5 Rxc3 44. Rxc3 dxe5 45. Qxe5 Rc8 46. Rb3 Qd7 47. Qe4 Rc1+ 48. Kh2 Qd6+ 49. Rg3 Rc3 50. Qg4 Qxg3+ 0-1

[Event "Moscow Petrosian Memorial op"]
[Site "Moscow"]
[Date "2015.01.06"]
[Round "3"]
[White "Myagkov, Mikhail"]
[Black "Chervonenkis, Boris"]
[Result "1/2-1/2"]
[WhiteElo "1640"]
[BlackElo "1538"]
[PlyCount "60"]
[EventDate "2015.01.04"]
[EventType "swiss"]
[EventRounds "9"]
[EventCountry "RUS"]
[SourceTitle "CBM 164 Extra"]
[Source "ChessBase"]
[SourceDate "2015.03.02"]
[SourceVersion "1"]
[SourceVersionDate "2015.03.02"]
[SourceQuality "1"]

1. e4 e5 2. Nf3 Nc6 3. Bc4 Bc5 4. d3 d6 5. Ng5 Nh6 6. 0-0 0-0 7. h3 Na5 8. Bb3 Nxb3 9. axb3 f5 10. Nc3 a6 11. Qe2 f4 12. Nf3 Kh8 13. Kh2 g5 14. g4 Bxg4 15. hxg4 Nxg4+ 16. Kg2 Nh6 17. Rh1 Qf6 18. Nd5 Qg6 19. Kf1 c6 20. Nc3 g4 21. Ng1 Rg8 22. Qe1 Raf8 23. Kg2 g3 24. f3 Qg7 25. Nh3 Ng4 26. Ne2 Nf2 27. Bd2 Nxh1 28. Qxh1 Rf6 29. Bc3 Rh6 30. Nexf4 Qf6 1/2-1/2

[Event "Moscow Petrosian Memorial op"]
[Site "Moscow"]
[Date "2015.01.05"]
[Round "2"]
[White "Gozha, Alexandr"]
[Black "Myagkov, Mikhail"]
[Result "1-0"]
[WhiteElo "1799"]
[BlackElo "1640"]
[PlyCount "49"]
[EventDate "2015.01.04"]
[EventType "swiss"]
[EventRounds "9"]
[EventCountry "RUS"]
[SourceTitle "CBM 164 Extra"]
[Source "ChessBase"]
[SourceDate "2015.03.02"]
[SourceVersion "1"]
[SourceVersionDate "2015.03.02"]
[SourceQuality "1"]

1. d4 d5 2. Nf3 e6 3. e3 b6 4. Nbd2 Bb7 5. b3 Nd7 6. Bb2 Ngf6 7. Ne5 Nxe5 8. dxe5 Nd7 9. Bd3 d4 10. exd4 Bxg2 11. Rg1 Bb7 12. Qe2 c5 13. dxc5 Nxc5 14. Bb5+ Nd7 15. 0-0-0 Qc7 16. Nc4 Bc6 17. Nd6+ Bxd6 18. exd6 Bxb5 19. Qxb5 Qc5 20. Qe2 Rg8 21. Qe4 0-0-0 22. Qa8+ Nb8 23. Rg3 Kd7 24. Qb7+ Ke8 25. Qe7# 1-0

[Event "Moscow Petrosian Memorial op"]
[Site "Moscow"]
[Date "2015.??.??"]
[Round "1"]
[White "Myagkov, Mikhail"]
[Black "Mikhailovsky, Vladimir"]
[Result "0-1"]
[WhiteElo "1640"]
[BlackElo "1942"]
[PlyCount "76"]
[EventDate "2015.01.04"]
[EventType "swiss"]
[EventRounds "9"]
[EventCountry "RUS"]
[SourceTitle "CBM 164 Extra"]
[Source "ChessBase"]
[SourceDate "2015.03.02"]
[SourceVersion "1"]
[SourceVersionDate "2015.03.02"]
[SourceQuality "1"]

1. e4 e5 2. Nf3 Nf6 3. Nc3 Nc6 4. h3 Bb4 5. d3 d5 6. exd5 Nxd5 7. Bd2 f6 8. Be2 Be6 9. Nxd5 Bxd2+ 10. Nxd2 Bxd5 11. Bf3 Nd4 12. Bxd5 Qxd5 13. Rg1 0-0-0 14. Nb3 e4 15. Nxd4 Qxd4 16. Qg4+ Kb8 17. 0-0-0 Qxf2 18. Qxe4 Rhe8 19. Qf3 Qc5 20. Rge1 Qa5 21. Rxe8 Rxe8 22. a3 a6 23. Qg3 Re7 24. c3 Qf5 25. Kd2 Qb5 26. Rb1 h6 27. b3 Qc5 28. Ra1 Qd5 29. Rb1 f5 30. Qf3 Qe6 31. c4 g5 32. Qf2 Qf6 33. d4 Re4 34. Kd3 Qe7 35. b4 f4 36. Kd2 Qf6 37. Re1 Rxd4+ 38. Kc3 Rd8+ 0-1